Normal view
MARC view
Entry Personal Name
001 - CONTROL NUMBER
- control field: 23158
003 - CONTROL NUMBER IDENTIFIER
- control field: dpl
005 - DATE AND TIME OF LATEST TRANSACTION
- control field: 20101007142628.0
008 - FIXED-LENGTH DATA ELEMENTS
- fixed length control field: 101007|||a|||||| | ||| d
040 ## - CATALOGING SOURCE
- Original cataloging agency: dpl
- Transcribing agency: dpl
100 ## - HEADING--PERSONAL NAME
- Personal name: नारंग, गोपीचंद
670 ## - SOURCE DATA FOUND
- Source citation: Work cat.: (dpl)34002: बलवंत सिंह की श्रेष्ठ कहानियाँ /, 2009
670 ## - SOURCE DATA FOUND
- Source citation: Work cat.: (dpl)34002: बलवंत सिंह की श्रेष्ठ कहानियाँ /, 2009
